The American system of government / (Record no. 7071)
[ view plain ]
| 000 -LEADER | |
|---|---|
| fixed length control field | 00721nam a2200229 a 4500 |
| 001 - CONTROL NUMBER | |
| control field | 7071 |
| 003 - CONTROL NUMBER IDENTIFIER | |
| rucl marc code | BD-RjUL |
| 005 - DATE AND TIME OF LATEST TRANSACTION | |
| control field | 20211208234348.0 |
| 008 - FIXED-LENGTH DATA ELEMENTS--GENERAL INFORMATION | |
| fixed length control field | 880808s1954 enk b 001 0 eng d |
| 035 ## - SYSTEM CONTROL NUMBER | |
| System control number | (BD-RjUL)7113 |
| 040 ## - CATALOGING SOURCE | |
| Original cataloging agency | DMM |
| Transcribing agency | DMM |
| Modifying agency | m.c |
| -- | BD-RjUL |
| Language of cataloging | eng |
| 041 ## - LANGUAGE CODE | |
| Language code of text/sound track or separate title | eng |
| 082 ## - DEWEY DECIMAL CLASSIFICATION NUMBER | |
| Edition number | 23 |
| Classification number | 320.973 |
| Author mark and year | GRA 1954 |
| 100 1# - MAIN ENTRY--PERSONAL NAME | |
| Personal name | Griffith, Ernest S., |
| Dates associated with a name | 1896-1997. |
| 9 (RLIN) | 220889 |
| 245 14 - TITLE STATEMENT | |
| Title | The American system of government / |
| Statement of responsibility, etc. | by Ernest S. Griffith. |
| 260 ## - PUBLICATION, DISTRIBUTION, ETC. (IMPRINT) | |
| Place of publication, distribution, etc. | New York :: |
| Name of publisher, distributor, etc. | Frederick A. Praeger, |
| Date of publication, distribution, etc. | 1954. |
| 300 ## - PHYSICAL DESCRIPTION | |
| Pagination | [6], 202 p. ; |
| Size | 17 cm. |
| 500 ## - GENERAL NOTE | |
| General note | "Books that matter" |
| 504 ## - BIBLIOGRAPHY, ETC. NOTE | |
| Bibliography, etc | Includes bibliographical references and index. |
| 651 #0 - SUBJECT ADDED ENTRY--GEOGRAPHIC NAME | |
| Geographic name | United States |
| General subdivision | Politics and government. |
| 9 (RLIN) | 220890 |
| 942 ## - ADDED ENTRY ELEMENTS (KOHA) | |
| Source of classification or shelving scheme | Dewey Decimal Classification |
| Koha item type | Rare Books |
| Lost status | Source of classification or shelving scheme | Damaged status | Not for loan | Collection code | Permanent Location | Current Location | Shelving location | Date acquired | Source of acquisition | Total Checkouts | Full call number | Date last seen | Copy number | Koha item type |
|---|---|---|---|---|---|---|---|---|---|---|---|---|---|---|
| Dewey Decimal Classification | Not For Loan | Rare Books | Central Library, University of Rajshahi | Central Library, University of Rajshahi | Rare Book Section | 02/04/2018 | R.U. L. | RA 320.973 GRA 1954 | 02/04/2018 | C-1 | Rare Books |